Culture Générale - Série 2513 - Statistiques

Statistiques générales
  • Ce quiz a été pris 90 fois
  • Le résultat moyen est 3 sur 10
Statistiques - réponses
Question Réponse % Correct
Camarade, ami fidèle (populaire) - Jambe grosse et sans forme (familier) poteau
63%
Sous quel prénom et nom connaissait-on mieux la chanteuse et actrice française Maïtena Douménach (1939-2019) ? voir photo Marie Laforêt
57%
Film lipidique sécrété par les glandes sébacées de la peau sébum
43%
Objet que l'on porte sur soi et auquel on accorde des vertus de protection ou qui porte chance - synonyme de fétiche-grigri - 8 lettres amulette
40%
Dans quel pays se trouve la ville de Tlemcen ? Algérie
35%
Dans de nombreuses religions, acte rituel de purification par l'eau ablution
28%
Qui a écrit "Baudolino" en 2000 ? Umberto Eco
11%
Ancienne fête païenne et latine, devenue ensuite une fête religieuse chrétienne, attribuée au pape Gélase Ier chandeleur
10%
Complétez le titre du recueil de poèmes de Heinrich Heine publié en1827 : "Le livre des .... chants
4%
Prénom masculin de 6 lettres qui désigne également un livre Manuel
4%
Aucun quiz correspondant
Distribution des résultats
% des personnes avec chaque résultat
Percentile par nombre de réponses
Votre historique - résultats
Vous n’avez pas pris ce quiz